000 00298nam a22001337a 4500
003 SGT
020 _a978-81-932032-2-4
082 _a648
_bGHO
100 _aGHOSH, S.G.
245 _aBASICS OF HOTEL HOUSEKEEPING OPERATIONS
260 _aDELHI
_bJINDAL
_c2016
300 _a297
942 _2ddc
_cBK
999 _c21054
_d21054